[Event "Tournoi Skype 021A"]
[Site "Skype"]
[Date "????.??.??"]
[Round "1.1"]
[White "Siret, Bernard"]
[Black "L'Herbon De Lussats, Jean"]
[Result "1-0"]
[WhiteElo "2012"]
[BlackElo "1618"]
[PlyCount "63"]

1. d4 Nf6 2. g4 d5 3. g5 Ne4 4. Bg2 e6 5. h4 Be7 6. Bf4 f6 7. Bxe4 dxe4 8. e3
Nd7 9. gxf6 Bxf6 10. Nc3 b6 11. Qh5+ g6 12. Qe2 Bb7 13. h5 Nf8 14. hxg6 Nxg6
15. Nh3 Qe7 16. Nb5 e5 17. dxe5 Bxe5 18. Bxe5 Qxe5 19. O-O-O O-O 20. Rd7 Rfc8
21. Rxh7 a6 22. Nf4 axb5 23. Nxg6 Qf6 24. Rh8+ Kg7 25. R1h7+ Kxg6 26. Rh6+ Kf5
27. Qxb5+ Ke6 28. Rxf6+ Kxf6 29. Rh6+ Ke7 30. Qe5+ Kd7 31. Qe6+ Kd8 32. Rh8#
1-0

[Event "Tournoi Skype 021A"]
[Site "Skype"]
[Date "????.??.??"]
[Round "1.2"]
[White "Khetre, Gaurav"]
[Black "Deville, Olivier"]
[Result "1/2-1/2"]
[WhiteElo "1617"]
[BlackElo "1991"]
[PlyCount "56"]

1. d4 Nf6 2. c4 e6 3. Nf3 Bb4+ 4. Bd2 Qe7 5. g3 Nc6 6. Bg2 Bxd2+ 7. Nbxd2 d5 8.
O-O O-O 9. Rc1 Rd8 10. e3 e5 11. dxe5 Nxe5 12. Qb3 dxc4 13. Nxc4 Nxc4 14. Qxc4
c6 15. Rfd1 Be6 16. Qa4 Bd5 17. Ng5 Qe5 18. h4 Qxb2 19. Rb1 Qxa2 20. Qxa2 Bxa2
21. Rxd8+ Rxd8 22. Rxb7 Rd1+ 23. Kh2 Ng4+ 24. Kh3 Nxf2+ 25. Kh2 Rb1 26. Rxa7
Ng4+ 27. Kh3 Nf2+ 28. Kh2 Ng4+ 1/2-1/2

[Event "Tournoi Skype 021A"]
[Site "Skype"]
[Date "????.??.??"]
[Round "1.4"]
[White "Leyton Calderon, Jairo Oswaldo"]
[Black "Rico Hernandez, Edgar"]
[Result "0-1"]
[WhiteElo "1604"]
[BlackElo "1899"]
[PlyCount "76"]

1. Nf3 Nf6 2. c4 d5 3. cxd5 Nxd5 4. e3 c6 5. Be2 Nd7 6. d4 e6 7. O-O N7f6 8.
Nbd2 Be7 9. a3 O-O 10. Qc2 Bd7 11. e4 Nf4 12. Nc4 Nxe2+ 13. Qxe2 c5 14. Bg5 Bb5
15. dxc5 h6 16. Bxf6 Bxf6 17. e5 Be7 18. Rfd1 Qc7 19. b4 Rfd8 20. Qe4 Bxc4 21.
Qxc4 Rac8 22. Qe4 Rd7 23. Rd4 Rxd4 24. Nxd4 a6 25. f4 Qd7 26. Qd3 Rd8 27. Rd1
Qd5 28. Rd2 Kh8 29. Qf3 Qc4 30. Nb3 Rxd2 31. Nxd2 Qd4+ 32. Qf2 Qa1+ 33. Nf1
Qxa3 34. Qd4 Qa4 35. Qc3 Qc6 36. Nd2 b6 37. Nb3 bxc5 38. Qxc5 Bxc5+ 0-1

[Event "Tournoi Skype 021A"]
[Site "Skype"]
[Date "????.??.??"]
[Round "1.5"]
[White "Segura Lozano, Marcos Antonio"]
[Black "Mela, Pier Giorgio"]
[Result "0-1"]
[WhiteElo "1889"]
[BlackElo "1600"]
[PlyCount "100"]

1. d4 Nf6 2. c4 e6 3. Nf3 b6 4. g3 Bb7 5. Bg2 Be7 6. O-O O-O 7. Nc3 Ne4 8. Nd2
Nxc3 9. bxc3 Bxg2 10. Kxg2 Nc6 11. e4 d5 12. e5 f5 13. cxd5 Qxd5+ 14. Qf3 Rad8
15. Rd1 a5 16. Bb2 Qxf3+ 17. Nxf3 f4 18. Rac1 a4 19. c4 a3 20. Ba1 Nb4 21. Rd2
c6 22. Rcd1 b5 23. cxb5 cxb5 24. d5 Rxd5 25. Rxd5 Nxd5 26. Nd4 Nc7 27. Rc1 Bd8
28. Rc6 fxg3 29. hxg3 Re8 30. Rb6 h5 31. Rb7 Rf8 32. Nc6 Nd5 33. Rxb5 Bg5 34.
f4 Bh6 35. Ra5 h4 36. Rxa3 hxg3 37. Rxg3 Rc8 38. Nd4 Ra8 39. a3 Bxf4 40. Rb3
Bxe5 41. Bb2 Nf4+ 42. Kf3 Bd6 43. Nc6 Nd5 44. Rb7 Bxa3 45. Bxg7 Ne7 46. Nxe7+
Kf7 47. Nd5+ Kg6 48. Rb6 Ra5 49. Rxe6+ Kf5 50. Rf6+ Ke5 0-1

[Event "Tournoi Skype 021A"]
[Site "Skype"]
[Date "????.??.??"]
[Round "1.7"]
[White "Ricieri, Vinicius"]
[Black "Kruk, Clementine"]
[Result "1-0"]
[WhiteElo "1881"]
[BlackElo "1599"]
[PlyCount "85"]

1. e4 e5 2. Nf3 Nc6 3. d4 exd4 4. Nxd4 Bc5 5. Be3 Qf6 6. c3 Nge7 7. Bc4 Qg6 8.
O-O Qxe4 9. Nd2 Qg6 10. Nb5 Bd6 11. Nf3 O-O 12. Nxd6 cxd6 13. Qd2 Ne5 14. Be2
b6 15. Bf4 Bb7 16. Bxe5 dxe5 17. Qxd7 Bxf3 18. Bxf3 e4 19. Bg4 Rfd8 20. Qxe7
Qxg4 21. Rfe1 Re8 22. Qb7 Qg6 23. Rad1 a5 24. Rd7 Rad8 25. Rxe4 Qg5 26. g3 Qc1+
27. Kg2 Qxb2 28. Qd5 Rf8 29. Rxd8 Qa3 30. Rxf8+ Qxf8 31. Qc6 h6 32. Re8 Qxe8
33. Qxe8+ Kh7 34. Qxf7 b5 35. Qf5+ g6 36. Qxb5 a4 37. Qd7+ Kg8 38. c4 h5 39. c5
g5 40. c6 h4 41. c7 h3+ 42. Kg1 g4 43. c8=Q# 1-0

[Event "Tournoi Skype 021A"]
[Site "Skype"]
[Date "????.??.??"]
[Round "1.8"]
[White "Rugman, Dan"]
[Black "Altinok, Selim"]
[Result "0-1"]
[WhiteElo "1598"]
[BlackElo "1818"]
[PlyCount "48"]

1. e4 c6 2. d4 d5 3. Nc3 dxe4 4. Nxe4 Bf5 5. Ng3 Bg6 6. h4 h6 7. Nf3 Nd7 8. h5
Bh7 9. Bd3 Bxd3 10. Qxd3 e6 11. Bf4 Ngf6 12. O-O-O Be7 13. Kb1 Qa5 14. Ne5 O-O
15. Nxd7 Nxd7 16. Bd2 Qc7 17. Ne4 Nf6 18. Nxf6+ Bxf6 19. Be3 Rfd8 20. g4 c5 21.
Qc3 Rd5 22. f4 Qd8 23. g5 cxd4 24. Bxd4 Bxd4 0-1

[Event "Tournoi Skype 021A"]
[Site "Skype"]
[Date "????.??.??"]
[Round "1.9"]
[White "Gasperoni, Claudio"]
[Black "Perez Fermin, Jose"]
[Result "1-0"]
[WhiteElo "1818"]
[BlackElo "1595"]
[PlyCount "43"]

1. d4 Nf6 2. Nf3 d5 3. c4 c6 4. e3 g6 5. Bd3 Bg7 6. O-O O-O 7. Bd2 Be6 8. cxd5
cxd5 9. Nc3 Nc6 10. Ng5 Bg4 11. Qb3 Qd7 12. h3 Be6 13. Nxe6 fxe6 14. Na4 b6 15.
Rac1 Rac8 16. Rc2 Qb7 17. Nc5 Qa8 18. Nxe6 Rfe8 19. Ba6 Ne4 20. Bxc8 Nxd2 21.
Rxd2 Rxc8 22. Qxd5 1-0

[Event "Tournoi Skype 021A"]
[Site "Skype"]
[Date "????.??.??"]
[Round "1.10"]
[White "Alvarez, Juan Evangelista"]
[Black "Karia, Vijay"]
[Result "0-1"]
[WhiteElo "1588"]
[BlackElo "1818"]
[PlyCount "70"]

1. Nf3 d5 2. d4 Nf6 3. Qd3 Bg4 4. Ne5 Nbd7 5. Nc3 e6 6. Bg5 Bf5 7. Qg3 Be7 8.
O-O-O c6 9. Bxf6 Bxf6 10. h4 Qc7 11. Nxd7 Qxd7 12. e3 O-O-O 13. Bd3 Bxd3 14.
Rxd3 Qc7 15. f4 h6 16. h5 Rhg8 17. Na4 Be7 18. Qe1 b5 19. Nc5 Bxc5 20. dxc5 Kb7
21. Ra3 Ra8 22. Ra6 Kxa6 23. Qb4 Qa5 24. Qb3 Qa4 25. g4 Qxb3 26. cxb3 b4 27.
Kd2 Kb5 28. Rc1 a5 29. Kd3 a4 30. bxa4+ Rxa4 31. a3 bxa3 32. bxa3 Rxa3+ 33. Kd4
Ra4+ 34. Ke5 Rd8 35. Rb1+ Ka5 0-1

[Event "Tournoi Skype 021A"]
[Site "Skype"]
[Date "????.??.??"]
[Round "1.11"]
[White "Lopez, Jose Luis"]
[Black "Salazar Ticeran, Antonio"]
[Result "1-0"]
[WhiteElo "1816"]
[BlackElo "1578"]
[PlyCount "75"]

1. e4 c5 2. Nf3 Nc6 3. d4 cxd4 4. Nxd4 Nf6 5. Nc3 Qa5 6. Nb3 Qc7 7. f4 e6 8. e5
Ng8 9. Nb5 Qb8 10. Be3 a6 11. Nd6+ Bxd6 12. Qxd6 Qxd6 13. exd6 Nf6 14. O-O-O
O-O 15. g3 b5 16. Bg2 Bb7 17. Nc5 Bc8 18. Bxc6 dxc6 19. d7 Bxd7 20. Nxd7 Nxd7
21. Rxd7 Rfc8 22. Rhd1 c5 23. Bxc5 h6 24. Bd4 Rc6 25. Bc3 Rac8 26. Rb7 h5 27.
Rdd7 Rf8 28. Bb4 Rfc8 29. c3 Rc4 30. a3 Re4 31. Rxf7 Kh7 32. Bf8 Rd8 33. Rxg7+
Kh8 34. Rh7+ Kg8 35. Bh6 Re1+ 36. Kc2 Re2+ 37. Kb3 Rdd2 38. Rbg7+ 1-0

[Event "Tournoi Skype 021A"]
[Site "Skype"]
[Date "????.??.??"]
[Round "1.12"]
[White "Gharbi, Said"]
[Black "Engstrom, Olle"]
[Result "0-1"]
[WhiteElo "1564"]
[BlackElo "1788"]
[PlyCount "64"]

1. e4 e6 2. Bc4 d5 3. exd5 exd5 4. Bb3 Nf6 5. d4 Bd6 6. Nf3 O-O 7. O-O Bg4 8.
Bg5 c6 9. Qd3 Nbd7 10. Re1 Re8 11. h3 Bxf3 12. Rxe8+ Qxe8 13. gxf3 Qe6 14. Kg2
Re8 15. Nc3 Nh5 16. Qe3 Qxe3 17. fxe3 h6 18. Bh4 Rxe3 19. Nd1 Re2+ 20. Kf1 Rh2
21. Nf2 g5 22. Bxg5 hxg5 23. Kg1 Bg3 24. Ng4 Rd2 25. Nh6+ Kf8 26. Nf5 Bf2+ 27.
Kf1 Nf4 28. c4 Bxd4 29. cxd5 Rf2+ 30. Kg1 Ne2+ 31. Kh1 Be5 32. dxc6 Rh2# 0-1

[Event "Tournoi Skype 021A"]
[Site "Skype"]
[Date "????.??.??"]
[Round "1.13"]
[White "Thoune, Jim"]
[Black "Bendre, Pankaj"]
[Result "1-0"]
[WhiteElo "1766"]
[BlackElo "1558"]
[PlyCount "57"]

1. d4 Nf6 2. c4 e6 3. Nc3 Bb4 4. e3 O-O 5. Nf3 Ne4 6. Qc2 d5 7. Bd3 Nf6 8. Bd2
c5 9. dxc5 Nc6 10. Rd1 dxc4 11. Bxc4 Qa5 12. a3 Bxc3 13. Bxc3 Qxc5 14. Bxf6
gxf6 15. b4 Qe7 16. O-O e5 17. h3 e4 18. Nd4 Bd7 19. Bd5 f5 20. Nxc6 Bxc6 21.
Bxc6 bxc6 22. Qxc6 Rac8 23. Qa4 Rc7 24. Rc1 Rfc8 25. Rxc7 Rxc7 26. Rd1 Qe6 27.
Rd8+ Kg7 28. Qd1 Kh6 29. Rd6 1-0

[Event "Tournoi Skype 021A"]
[Site "Skype"]
[Date "????.??.??"]
[Round "1.14"]
[White "Luna Perez Vico, Lorenzo"]
[Black "Montenegro, Juan Carlos"]
[Result "0-1"]
[WhiteElo "1554"]
[BlackElo "1735"]
[PlyCount "52"]

1. e4 e6 2. d4 d5 3. Nd2 Nf6 4. e5 Nfd7 5. Nb3 c5 6. c3 a5 7. Be3 cxd4 8. cxd4
a4 9. Nd2 Nc6 10. Ngf3 Qb6 11. Qc1 Bb4 12. Bd3 O-O 13. O-O f5 14. exf6 Nxf6 15.
a3 Bd6 16. h3 Bd7 17. Re1 Rac8 18. Rb1 Nb4 19. Bxh7+ Nxh7 20. Qd1 Nd3 21. Rf1
Nxb2 22. Rxb2 Qxb2 23. Nb1 Bxa3 24. Nxa3 Qxa3 25. Re1 b5 26. Ne5 Qd6 0-1

[Event "Tournoi Skype 021A"]
[Site "Skype"]
[Date "????.??.??"]
[Round "1.15"]
[White "Legueltel, Daniel"]
[Black "Aranzubia, Desiderio"]
[Result "1-0"]
[WhiteElo "1726"]
[BlackElo "1542"]
[PlyCount "39"]

1. d4 d5 2. c4 Nf6 3. Nf3 dxc4 4. e3 b5 5. a4 c6 6. axb5 cxb5 7. Be2 Bb7 8. O-O
e6 9. Ne5 Nbd7 10. f4 a5 11. Bd2 a4 12. Bf3 Bxf3 13. Qxf3 Be7 14. Nc6 Qc8 15.
Nxe7 Kxe7 16. Bb4+ Ke8 17. Nc3 Rb8 18. f5 e5 19. Bd6 Rb6 20. dxe5 1-0

[Event "Tournoi Skype 021A"]
[Site "Skype"]
[Date "????.??.??"]
[Round "1.16"]
[White "Cossalter, Maurizio"]
[Black "Saponara, Jose Maria"]
[Result "0-1"]
[WhiteElo "1539"]
[BlackElo "1722"]
[PlyCount "107"]

1. e4 c6 2. d4 d5 3. Nc3 dxe4 4. Nxe4 Bf5 5. Ng3 Bg6 6. Nf3 Nf6 7. Bd3 e6 8.
Bxg6 hxg6 9. Bg5 Nbd7 10. O-O Qc7 11. Re1 Bd6 12. Nf1 O-O-O 13. c3 Rh5 14. Bh4
Rdh8 15. Bg3 e5 16. dxe5 Nxe5 17. Nxe5 Bxe5 18. Bxe5 Rxe5 19. Rxe5 Qxe5 20. Qa4
Kb8 21. Ng3 g5 22. Rd1 Nd5 23. Qe4 Qc7 24. Re1 a6 25. Qe5 Qxe5 26. Rxe5 f6 27.
Re2 Nf4 28. Rd2 Kc7 29. Kf1 Rxh2 30. f3 g6 31. Ne4 f5 32. Nxg5 Rh8 33. b3 b5
34. Rd4 Rh1+ 35. Kf2 Nd5 36. c4 bxc4 37. Rxc4 Ra1 38. a4 Ra2+ 39. Kg3 Ne3 40.
Ne6+ Kd6 41. Rb4 Rxg2+ 42. Kf4 Kxe6 43. Kxe3 Rb2 44. Rb6 Kd5 45. Rxa6 Rxb3+ 46.
Ke2 g5 47. Ra8 Rb2+ 48. Kd3 Rb3+ 49. Ke2 Ra3 50. Rf8 Ke5 51. Rc8 Kd6 52. Rd8+
Kc7 53. Rf8 g4 54. Rxf5 0-1

[Event "Tournoi Skype 021A"]
[Site "Skype"]
[Date "????.??.??"]
[Round "1.17"]
[White "Casey, Eamonn"]
[Black "Fernandez Cabello, Emilio"]
[Result "0-1"]
[WhiteElo "1715"]
[BlackElo "1524"]
[PlyCount "132"]

1. d4 e6 2. c4 f5 3. Nf3 Nf6 4. Bg5 Be7 5. Nc3 d6 6. e3 Nbd7 7. Bd3 h6 8. Bxf6
Bxf6 9. O-O O-O 10. Rc1 Qe8 11. Nb5 Bd8 12. Nc3 e5 13. dxe5 dxe5 14. e4 f4 15.
Be2 c6 16. b4 g5 17. h3 Nf6 18. Qd6 Be7 19. Qxe5 Bxb4 20. Qxe8 Rxe8 21. e5 Bxc3
22. Rxc3 Nd7 23. Rd1 Nc5 24. Bd3 Be6 25. Nd4 Nxd3 26. Rdxd3 Bf7 27. Nf3 Rad8
28. c5 Rxd3 29. Rxd3 Bd5 30. a3 Kf7 31. Rd1 Bxf3 32. gxf3 Rxe5 33. Rd7+ Re7 34.
Rd6 h5 35. Rh6 h4 36. Rh7+ Kf6 37. Rh6+ Kf5 38. Rh8 b6 39. cxb6 axb6 40. Rf8+
Ke5 41. Rg8 Kf6 42. Rf8+ Kg7 43. Rb8 b5 44. Rc8 Re6 45. Rc7+ Kf6 46. Rc8 Ke7
47. Rc7+ Kd6 48. Rg7 Re5 49. Rg6+ Kd5 50. Rg8 Kc4 51. Rd8 c5 52. Rd1 Kb3 53.
Rd3+ Ka4 54. Kf1 b4 55. axb4 cxb4 56. Rd4 Ka3 57. Rd8 b3 58. Ra8+ Kb2 59. Ra7
Rc5 60. Ke2 Rc2+ 61. Ke1 Rc5 62. Kd1 Kb1 63. Kd2 b2 64. Kd1 Rc1+ 65. Kd2 Rc2+
66. Kd1 Rxf2 0-1

[Event "Tournoi Skype 021A"]
[Site "Skype"]
[Date "????.??.??"]
[Round "1.20"]
[White "Mitrani, Alberto"]
[Black "Farthouat, Titoine"]
[Result "1-0"]
[WhiteElo "1505"]
[BlackElo "1667"]
[PlyCount "71"]

1. c4 c5 2. g3 Nc6 3. Bg2 e6 4. Nc3 Nf6 5. d3 d5 6. b3 d4 7. Nb5 Be7 8. Nf3 O-O
9. O-O a6 10. Na3 Qc7 11. Bb2 Bd7 12. e3 e5 13. e4 Nb4 14. Nc2 b5 15. Qd2 Rab8
16. Nfe1 h6 17. f4 Nh7 18. fxe5 Qxe5 19. Nf3 Qc7 20. Nfxd4 bxc4 21. Nxb4 Rxb4
22. Bc3 Rbb8 23. Nf5 Bxf5 24. Rxf5 cxb3 25. axb3 Rxb3 26. Rxa6 Qb7 27. Ra4 Rd8
28. e5 Qd7 29. Raf4 Qxd3 30. Qxd3 Rxd3 31. Rxf7 Bg5 32. R7f5 Bxf4 33. Rxf4 Ng5
34. Rc4 Rb1+ 35. Kf2 Rb7 36. Bxb7 1-0

[Event "Tournoi Skype 021A"]
[Site "Skype"]
[Date "????.??.??"]
[Round "1.21"]
[White "Murgia, Stefano"]
[Black "Jogi, Kalpesh"]
[Result "1/2-1/2"]
[WhiteElo "1666"]
[BlackElo "1503"]
[PlyCount "107"]

1. e4 c5 2. Nf3 g6 3. d4 Bg7 4. c4 cxd4 5. Nxd4 Nc6 6. Be3 Nf6 7. Nc3 d6 8. Be2
O-O 9. O-O Nxd4 10. Bxd4 b6 11. Nd5 Nxe4 12. Bxg7 Kxg7 13. Re1 Nc5 14. Bf3 Be6
15. Qd4+ Kg8 16. Nf4 Rc8 17. b4 Na6 18. Rxe6 Nxb4 19. Qc3 Nc6 20. Bd5 Ne5 21.
Rxe5 dxe5 22. Qxe5 Qc7 23. Qxc7 Rxc7 24. Re1 e6 25. Nxe6 Re7 26. Re4 fxe6 27.
Bxe6+ Kg7 28. f3 Rfe8 29. Bd5 Rxe4 30. Bxe4 a5 31. Kf2 h6 32. Ke3 Rc8 33. Kd4
Rd8+ 34. Bd5 Re8 35. Be4 Rb8 36. a4 Rd8+ 37. Bd5 Rc8 38. Be4 Kf6 39. g3 g5 40.
Bd5 h5 41. h3 Kf5 42. Be4+ Kf6 43. Bd5 Kg6 44. Be4+ Kh6 45. Bd5 h4 46. g4 Kg6
47. Be4+ Kf6 48. Bd5 Rc7 49. Be4 Rd7+ 50. Bd5 Rg7 51. Be4 Rd7+ 52. Bd5 Ra7 53.
Be4 Rd7+ 54. Bd5 1/2-1/2

[Event "Tournoi Skype 021A"]
[Site "Skype"]
[Date "????.??.??"]
[Round "1.22"]
[White "Khunte, Aniruddha"]
[Black "Trivedi, Viral"]
[Result "0-1"]
[WhiteElo "1494"]
[BlackElo "1664"]
[PlyCount "72"]

1. e4 e6 2. d4 d5 3. e5 c5 4. c3 Nc6 5. Nf3 Bd7 6. Qb3 Qc7 7. Be3 Na5 8. Qc2
cxd4 9. Nxd4 Qxe5 10. Bb5 Bxb5 11. Nxb5 a6 12. Nd4 Nc4 13. Qa4+ Kd8 14. Nf3 Qb8
15. Nbd2 Nxe3 16. fxe3 Nf6 17. Ng5 b5 18. Qf4 Bd6 19. Nxf7+ Ke7 20. Nxd6 Qxd6
21. Qxd6+ Kxd6 22. O-O Ng4 23. e4 Ne3 24. Rf7 h5 25. exd5 exd5 26. Re1 Rae8 27.
Rxg7 Nf5 28. Rg6+ Kc7 29. Rf1 Rhf8 30. Rxa6 Re2 31. Ra7+ Kb6 32. Rh7 Rxd2 33.
Rxh5 Ne3 34. Rxf8 Rxg2+ 35. Kh1 Rxb2 36. Re8 Rb1# 0-1

[Event "Tournoi Skype 021A"]
[Site "Skype"]
[Date "????.??.??"]
[Round "1.23"]
[White "Sauvaget, Joel"]
[Black "Fouquereau, Andre"]
[Result "1-0"]
[WhiteElo "1662"]
[BlackElo "1492"]
[PlyCount "71"]

1. d4 d5 2. Nf3 Nf6 3. Bg5 c6 4. e3 Ne4 5. Bf4 Bg4 6. h3 Bh5 7. Be2 e6 8. O-O
Nd7 9. Nbd2 Ndf6 10. c4 Bg6 11. c5 Nh5 12. Bh2 Be7 13. Ne5 Nhf6 14. Nxg6 fxg6
15. Nf3 O-O 16. Ne5 Nd7 17. Bg4 Rf6 18. Be2 Nxe5 19. Bxe5 Rf7 20. Bg4 Qd7 21.
h4 Raf8 22. f3 Nf6 23. Bh3 h5 24. Qe1 Ne8 25. Qg3 Kh7 26. b4 Bf6 27. Rad1 Qc8
28. Bf4 Qd8 29. Bg5 Qe7 30. Rde1 e5 31. Bxf6 gxf6 32. f4 e4 33. f5 Rg7 34.
fxg6+ Kh6 35. Bf5 Rfg8 36. Qf4# 1-0

[Event "Tournoi Skype 021A"]
[Site "Skype"]
[Date "????.??.??"]
[Round "1.24"]
[White "Perrone, Gabriel Lorenzo"]
[Black "Yeter, Orhan"]
[Result "0-1"]
[WhiteElo "1469"]
[BlackElo "1648"]
[PlyCount "62"]

1. d4 d5 2. c4 e5 3. dxe5 d4 4. Nf3 Bb4+ 5. Bd2 Bxd2+ 6. Nbxd2 c5 7. Nb3 Nc6 8.
Nxc5 Qa5+ 9. Qd2 Qxc5 10. b3 Qb4 11. Qxb4 Nxb4 12. Nxd4 Ne7 13. e3 O-O 14. Be2
Ng6 15. a3 Nc6 16. Nxc6 bxc6 17. O-O Nxe5 18. Rfd1 Bf5 19. Rac1 a5 20. f4 Bg4
21. Bxg4 Nxg4 22. e4 Rad8 23. b4 Rxd1+ 24. Rxd1 axb4 25. axb4 g6 26. h3 Nf6 27.
e5 Nh5 28. Rd6 Rc8 29. e6 fxe6 30. Rxe6 Nxf4 31. b5 Nxe6 0-1

[Event "Tournoi Skype 021A"]
[Site "Skype"]
[Date "????.??.??"]
[Round "1.25"]
[White "Carballo, Jorge"]
[Black "Duthoit, Bernard"]
[Result "0-1"]
[WhiteElo "1630"]
[BlackElo "1468"]
[PlyCount "54"]

1. e4 e6 2. d4 d5 3. Be3 dxe4 4. Nc3 Nf6 5. f3 exf3 6. Nxf3 Nc6 7. Bc4 Bd6 8.
O-O O-O 9. d5 exd5 10. Nxd5 Nxd5 11. Bxd5 Bd7 12. Ng5 Ne5 13. Qh5 h6 14. Bxf7+
Nxf7 15. Nxf7 Qe7 16. Nxd6 Qxe3+ 17. Kh1 cxd6 18. Qd5+ Qe6 19. Qxb7 Rae8 20.
Qxa7 Rxf1+ 21. Rxf1 Bb5 22. Rd1 Qg6 23. Qf2 Re2 24. Qf3 Qe6 25. Rf1 Rxc2 26.
Qa8+ Kh7 27. Qa3 Bxf1 0-1

[Event "Tournoi Skype 021A"]
[Site "Skype"]
[Date "????.??.??"]
[Round "1.27"]
[White "Prasad Singh, Ambika"]
[Black "Le Brun, Yves"]
[Result "0-1"]
[WhiteElo "1627"]
[BlackElo "1445"]
[PlyCount "84"]

1. e4 g6 2. d4 Bg7 3. c3 d6 4. Nf3 c6 5. h3 Nf6 6. Bd3 O-O 7. O-O Nbd7 8. Nbd2
h6 9. Re1 e5 10. dxe5 Nxe5 11. Nxe5 dxe5 12. Nf3 Qe7 13. Be3 Kh7 14. b4 b6 15.
a4 Rd8 16. Qc2 Ne8 17. a5 b5 18. Bc5 Qf6 19. Red1 Bxh3 20. Nxe5 Qg5 21. g3 Bxe5
22. Bf1 Bg4 23. Rd3 Be6 24. Rad1 Rxd3 25. Rxd3 Qf6 26. Bg2 Bc4 27. Rf3 Qe6 28.
Qd2 g5 29. Rf5 f6 30. f4 Ng7 31. Rxe5 fxe5 32. fxg5 hxg5 33. Qxg5 Be2 34. Kf2
Bg4 35. Qe3 Qa2+ 36. Kg1 a6 37. Bb6 Ne6 38. Qc1 Rf8 39. Bf1 Rf3 40. Qe1 Ng5 41.
Bg2 Rd3 42. Kh2 Nf3+ 0-1

[Event "Tournoi Skype 021A"]
[Site "Skype"]
[Date "????.??.??"]
[Round "1.28"]
[White "Yardimci, Ertan"]
[Black "Alvarez, Rafael Andres"]
[Result "0-1"]
[WhiteElo "1445"]
[BlackElo "1621"]
[PlyCount "100"]

1. d4 d5 2. Nf3 Bf5 3. c4 c6 4. Nc3 e6 5. Qb3 Qc7 6. cxd5 cxd5 7. Bf4 Qd7 8. e3
a6 9. Ne5 Qe7 10. Bd3 Bxd3 11. Nxd3 Qd7 12. Ne5 Qc8 13. O-O Nf6 14. Rac1 Nc6
15. Nxc6 bxc6 16. Qc2 Nh5 17. Ne2 Nxf4 18. Nxf4 c5 19. dxc5 Qc6 20. Nd3 f6 21.
Nb4 Qb5 22. Qc3 Rc8 23. Nd3 Be7 24. Rfd1 O-O 25. c6 Rc7 26. Nf4 Kf7 27. Rc2 Bd6
28. Ne2 Be5 29. Qc5 Qxc5 30. Rxc5 Bxb2 31. Rb1 Be5 32. Nd4 Bd6 33. Ra5 Ra8 34.
Nb5 Rxc6 35. Nxd6+ Rxd6 36. Rb7+ Kg6 37. Kf1 e5 38. Rb4 f5 39. Ra3 Rc8 40. Rb2
h5 41. Ke2 Rc4 42. Kd3 e4+ 43. Kd2 Kf6 44. Rab3 Rcc6 45. a4 a5 46. Rb5 Ra6 47.
Rc2 d4 48. Rcc5 dxe3+ 49. Kxe3 Rd3+ 50. Kf4 g5# 0-1

[Event "Tournoi Skype 021A"]
[Site "Skype"]
[Date "????.??.??"]
[Round "1.29"]
[White "Sahrane, Juba"]
[Black "Mordaa, Ahmad"]
[Result "1/2-1/2"]
[WhiteElo "1621"]
[BlackElo "1412"]
[PlyCount "46"]

1. d4 Nf6 2. c4 e5 3. dxe5 Ng4 4. Nf3 Nc6 5. Bg5 f6 6. exf6 Nxf6 7. Nc3 Bb4 8.
Qc2 d6 9. e3 O-O 10. Bd3 Qe8 11. Bxf6 Rxf6 12. Bxh7+ Kh8 13. O-O Bxc3 14. bxc3
Bg4 15. Nh4 Bh5 16. Bd3 Ne5 17. Be2 Bxe2 18. Qxe2 Rh6 19. Nf5 Rh7 20. f4 Ng6
21. Qg4 Qe6 22. Nh6 Qxe3+ 23. Kh1 Rxh6 1/2-1/2

[Event "Tournoi Skype 021A"]
[Site "Skype"]
[Date "????.??.??"]
[Round "2.1"]
[White "Saponara, Jose Maria"]
[Black "Siret, Bernard"]
[Result "0-1"]
[WhiteElo "1722"]
[BlackElo "2012"]
[PlyCount "68"]

1. e4 e5 2. d4 exd4 3. Qxd4 Nc6 4. Qe3 d6 5. Nc3 Nf6 6. h3 Be7 7. Bd2 Be6 8.
O-O-O a6 9. f4 b5 10. f5 Bd7 11. Nf3 Ne5 12. Nd5 Nxd5 13. exd5 Bf6 14. g4 h6
15. h4 Qe7 16. Nxe5 Qxe5 17. Qxe5+ Bxe5 18. Bg2 h5 19. Bf3 hxg4 20. Bxg4 c5 21.
Rde1 O-O-O 22. h5 Kb7 23. h6 gxh6 24. Rxh6 Rxh6 25. Bxh6 Rg8 26. Bf3 Bxf5 27.
Be3 Kb6 28. b4 Rg3 29. Bh5 Rxe3 30. bxc5+ Kxc5 31. Rxe3 Bf4 32. Kd2 Bxe3+ 33.
Kxe3 Bxc2 34. Bxf7 b4 0-1

[Event "Tournoi Skype 021A"]
[Site "Skype"]
[Date "????.??.??"]
[Round "2.2"]
[White "Trivedi, Viral"]
[Black "Ibarra Cantu, Raul Alberto"]
[Result "0-1"]
[WhiteElo "1664"]
[BlackElo "1941"]
[PlyCount "56"]

1. d4 Nf6 2. Nf3 g6 3. Bf4 Bg7 4. e3 O-O 5. h3 d6 6. c4 c5 7. dxc5 Qa5+ 8. Qd2
Qxc5 9. Bd3 Nc6 10. Nc3 Nb4 11. Bb1 Qxc4 12. b3 Qc5 13. Na4 Qa5 14. a3 Nc6 15.
Qxa5 Nxa5 16. Ba2 Nh5 17. Rc1 Nxf4 18. exf4 Be6 19. O-O Rac8 20. Rb1 Rc2 21.
Ng5 Rxa2 22. Nxe6 fxe6 23. g3 Rxa3 24. Rfe1 b5 25. Nb2 Nxb3 26. Rxe6 Nc5 27.
Rxe7 Rb3 28. Ra1 a6 0-1

[Event "Tournoi Skype 021A"]
[Site "Skype"]
[Date "????.??.??"]
[Round "2.3"]
[White "Rico Hernandez, Edgar"]
[Black "Legueltel, Daniel"]
[Result "1-0"]
[WhiteElo "1899"]
[BlackElo "1726"]
[PlyCount "49"]

1. d4 Nf6 2. c4 g6 3. Nc3 d5 4. Bf4 e6 5. Nf3 Bg7 6. e3 Nbd7 7. cxd5 Nxd5 8.
Bg3 O-O 9. Be2 c5 10. O-O b6 11. Rc1 cxd4 12. Nxd5 exd5 13. exd4 Nf6 14. Qc2
Bf5 15. Qc7 Qxc7 16. Rxc7 Rfc8 17. Rfc1 Rxc7 18. Rxc7 Rc8 19. h3 Rxc7 20. Bxc7
Bb1 21. a3 Ba2 22. Ne5 Bh6 23. Bb8 Bc1 24. Nd3 a6 25. Nxc1 1-0

[Event "Tournoi Skype 021A"]
[Site "Skype"]
[Date "????.??.??"]
[Round "2.4"]
[White "Yeter, Orhan"]
[Black "Hilton, Stephen"]
[Result "0-1"]
[WhiteElo "1648"]
[BlackElo "1883"]
[PlyCount "112"]

1. e4 c5 2. Nf3 a6 3. d4 cxd4 4. Nxd4 e5 5. Nb3 Nf6 6. Nc3 Bb4 7. Bg5 h6 8.
Bxf6 Bxc3+ 9. bxc3 Qxf6 10. Bc4 O-O 11. O-O d6 12. Rb1 Qg6 13. Qd3 Nc6 14. a3
Be6 15. Bxe6 Qxe6 16. Rfd1 Rfd8 17. Qd5 Qxd5 18. exd5 Na7 19. Na5 b5 20. c4
bxc4 21. Nxc4 Nb5 22. Rd3 Rac8 23. Rb4 Rc5 24. a4 Nd4 25. c3 Nc2 26. Rb2 Rxc4
27. Rxc2 Rxa4 28. g3 Rc8 29. Rb2 Ra3 30. Rb6 Rd8 31. Rb7 Kf8 32. Rf3 f6 33. Ra7
Ra4 34. Re3 Ra5 35. c4 Rc5 36. Rb3 Rxc4 37. Rbb7 Rg4 38. Rxa6 h5 39. Raa7 Rg5
40. Rd7 Rxd7 41. Rxd7 e4 42. Rxd6 Re5 43. Kg2 Ke7 44. Re6+ Rxe6 45. dxe6 Kxe6
46. f4 Kd5 47. Kf2 Kd4 48. Ke2 e3 49. f5 Ke4 50. h3 Kd4 51. Ke1 Kd3 52. Kd1 e2+
53. Ke1 Ke3 54. g4 hxg4 55. hxg4 Kf3 56. g5 fxg5 0-1

[Event "Tournoi Skype 021A"]
[Site "Skype"]
[Date "????.??.??"]
[Round "2.5"]
[White "Alvarez, Rafael Andres"]
[Black "Ricieri, Vinicius"]
[Result "0-1"]
[WhiteElo "1621"]
[BlackElo "1881"]
[PlyCount "86"]

1. d4 Nf6 2. Nf3 g6 3. Bf4 Bg7 4. c3 O-O 5. Qd2 d5 6. Bh6 Ne4 7. Qc1 b6 8. Bxg7
Kxg7 9. Nbd2 Nd6 10. h4 c5 11. h5 Bf5 12. h6+ Kg8 13. Ne5 Nd7 14. Ndf3 Nxe5 15.
Nxe5 f6 16. Nf3 Re8 17. Qd2 Ne4 18. Qd1 e5 19. dxc5 bxc5 20. e3 Rb8 21. Qe2 d4
22. cxd4 cxd4 23. Qc4+ Be6 24. Qc6 Bd5 25. Qa6 dxe3 26. fxe3 Ng3 27. Rh3 Nxf1
28. Kxf1 Be6 29. Rg3 Qc7 30. Kg1 e4 31. Rxg6+ hxg6 32. Nd4 Qc4 33. Qxa7 Bf7 34.
b3 Qc3 35. Rf1 Qxe3+ 36. Kh1 Qxh6+ 37. Kg1 f5 38. Nc6 Ra8 39. Ne7+ Kh7 40. Qd7
Qe3+ 41. Kh1 Rh8 42. Nxf5 Kg8+ 43. Nh6+ Rxh6+ 0-1

[Event "Tournoi Skype 021A"]
[Site "Skype"]
[Date "????.??.??"]
[Round "2.6"]
[White "Altinok, Selim"]
[Black "Sauvaget, Joel"]
[Result "1-0"]
[WhiteElo "1818"]
[BlackElo "1662"]
[PlyCount "71"]

1. d4 d5 2. Nf3 Nf6 3. e3 e6 4. c4 c6 5. Nc3 Be7 6. Qc2 Nbd7 7. a3 Qc7 8. Bd3
h6 9. O-O e5 10. cxd5 exd4 11. exd4 O-O 12. dxc6 Qxc6 13. Re1 Bd6 14. Ne5 Qc7
15. Nb5 Qxc2 16. Bxc2 Bb8 17. Bb3 Nxe5 18. dxe5 Ne8 19. Bd2 Be6 20. Bxe6 fxe6
21. Rac1 a6 22. Nd4 Nc7 23. Be3 Re8 24. Rc2 Nd5 25. Bd2 Ba7 26. Nf3 Rf8 27. Re4
Rad8 28. Kf1 b5 29. Rc6 a5 30. Rxe6 Rfe8 31. Rxe8+ Rxe8 32. Bxa5 Nf6 33. Re1
Ng4 34. Re2 Kf7 35. Be1 Ke6 36. h3 1-0